Medagliere Olimpiadi estive Tokyo 1964 - Statistics

Statistiche generali
  • Questo quiz è stato fatto 3 volte
  • Il punteggio medio è 7 su 10
Statistiche sulle risposte
Medaglie d'Oro Medaglie d'Argento Medaglie di Bronzo Medaglie complessive Rappresentativa olimpica % Corretto
1 8 6 15 Francia
100%
16 5 8 29 Giappone
100%
10 10 7 27 Italia
100%
10 22 18 50 Squadra Unificata Tedesca
100%
36 26 28 90 Stati Uniti
100%
6 2 10 18 Australia
67%
4 12 2 18 Gran Bretagna
67%
30 31 35 96 Unione Sovietica
67%
7 6 10 23 Polonia
33%
10 7 5 22 Ungheria
0%
Nessun quiz corrispondente trovato
Distribuzione punteggi
Percentuale di utenti per punteggio
Percentile per numero di risposta
I tuoi punteggi nel tempo
Non hai fatto questo quiz